Pozitívna motivácia a skúsenosť Životná skúsenosť dospelého človeka z hľadiska jeho výchovy

Bibliographic Details
Main Author: Perhács, Ján, 1936- (Author)
Format: Article
Language:Slovak
Subjects:

MARC

LEADER 00000nab a2200000 a 4500
001 vtls000517312
003 SK-MaSNL
005 20260303003717.0
008 120928c1994 xo 0 slo
015 |a SNBRB19rr/mm-uuuuu 
035 |a CL0517450 
040 |a SNKBUCL  |b slo  |c SNKBUCL  |e AACR2 
041 0 |a slo 
044 |a xo  |c SK 
080 |a 37.013.83  |2 1981 
080 |a 374.7  |2 1981 
080 |a 159.922  |2 1981 
100 1 |a Perhács, Ján,  |d 1936-  |4 aut  |9 102949 
245 1 0 |a Pozitívna motivácia a skúsenosť  |b Životná skúsenosť dospelého človeka z hľadiska jeho výchovy  |c Ján Perhács 
300 |b Fotogr. 1 
650 0 7 |a výchova dospelých  |2 snkbucl  |9 276798 
650 0 7 |a skúsenosť životná  |2 snkbucl  |9 981898 
655 7 |a články z novín a časopisov  |2 snkbucl  |9 267496 
773 0 |t Národná osveta  |g Roč. 4, č. 6 (1994), s. 26-27 
850 |a Slovenská národná knižnica v Martine  |a MTA001 
852 |a SNK  |b KIS3GCP 
958 |a RK 
992 |a RBX 
999 |c 1574021  |d 1575951